Využitie in-situ donorov CO v Pd-katalyzovaných aminokarbonyláciách v kontinuálnom prietokovom systéme
Na minha lista:
| Autor principal: | |
|---|---|
| Outros Autores: | |
| Formato: | Manuscrito Livro |
| Idioma: | eslovaco |
| Publicado em: |
2023
|
| Assuntos: | |
| Acesso em linha: | http://is.stuba.sk/zp/portal_zp.pl?podrobnosti=165047 |
| Tags: |
Sem tags, seja o primeiro a adicionar uma tag!
|
MARC
| LEADER | 00000ntm a22000003a 4500 | ||
|---|---|---|---|
| 001 | stuzp94373 | ||
| 003 | SK-STU | ||
| 005 | 20230909221922.3 | ||
| 007 | ta | ||
| 008 | 150427s2015----xo-----f-mn---000-0-slo-d | ||
| 040 | |a STU |b slo | ||
| 041 | 0 | |a slo | |
| 100 | 1 | |a Paxian, Samuel |u 048140 |k Z4 |4 aut |U FCHPT Ústav organickej chémie, katalýzy a petrochémie |T FCHPT Oddelenie organickej chémie |X 97468 |U C8140 |Y 124 |7 97468 | |
| 242 | 0 | 1 | |a Application of in-situ CO donors in Pd-catalyzed aminocarbonylations in a continuous flow system |y eng |
| 245 | 1 | 0 | |a Využitie in-situ donorov CO v Pd-katalyzovaných aminokarbonyláciách v kontinuálnom prietokovom systéme |
| 260 | |c 2023 | ||
| 650 | 4 | |a karbonylácia |2 slo | |
| 650 | 4 | |a donory CO |2 slo | |
| 650 | 4 | |a paládium |2 slo | |
| 650 | 4 | |a kontinuálna prietoková chémia |2 slo | |
| 650 | 4 | |a carbonylation |2 eng | |
| 650 | 4 | |a CO donors |2 eng | |
| 650 | 4 | |a palladium |2 eng | |
| 650 | 4 | |a continuous flow chemistry |2 eng | |
| 700 | 1 | |a Lopatka, Pavol |u 048130 |k Z1 |4 ths |U FCHPT Ústav organickej chémie, katalýzy a petrochémie |T FCHPT Oddelenie organickej technológie, katalýzy a ropy |X 43518 |U C8130 |Y 123 |7 A00000043518 | |
| 856 | 4 | |u http://is.stuba.sk/zp/portal_zp.pl?podrobnosti=165047 | |